Normal view
MARC view
- DE-MTS-30
Entry Topical Term
001 - CONTROL NUMBER
- control field: 72273
003 - CONTROL NUMBER IDENTIFIER
- control field: NUST
005 - DATE AND TIME OF LATEST TRANSACTION
- control field: 20210628204751.0
008 - FIXED-LENGTH DATA ELEMENTS
- fixed length control field: 210628|| aca||aabn | a|a d
040 ## - CATALOGING SOURCE
- Original cataloging agency: NUST
- Transcribing agency: NUST
150 ## - HEADING--TOPICAL TERM
- Topical term or geographic name entry element: DE-MTS-30
670 ## - SOURCE DATA FOUND
- Source citation: Work cat.: (NUST): SALMAN,ZOYA,FATIMA,DR UMAR IZHER 72272, PR-SOF-1170-LANDMINES DETECTION SYSTEM, 2012
